000
00284nam a2200109Ia 4500
008
220204s9999 xx 000 0 und d
082
_a
621.762(035)
_b
WAR
100
_a
Warring, R H
245
0
_a
Seals and sealing handbook
260
_a
England
_b
Trade and technical
_c
1981
942
_c
BK
999
_c
36473
_d
36473